|
|
|
|
| LEADER |
00000cam a22000004a 4500 |
| 001 |
musev2_69906 |
| 003 |
MdBmJHUP |
| 005 |
20230905051220.0 |
| 006 |
m o d |
| 007 |
cr||||||||nn|n |
| 008 |
100709s2011 ncu o 00 0 eng d |
| 010 |
|
|
|z 2010028812
|
| 020 |
|
|
|a 9780822393863
|
| 020 |
|
|
|z 9780822349563
|
| 020 |
|
|
|z 9780822349389
|
| 035 |
|
|
|a (OCoLC)1144915670
|
| 040 |
|
|
|a MdBmJHUP
|c MdBmJHUP
|
| 100 |
1 |
|
|a Fitting, Elizabeth M.,
|d 1969-
|
| 245 |
1 |
4 |
|a The Struggle for Maize :
|b Campesinos, Workers, and Transgenic Corn in the Mexican Countryside /
|c Elizabeth Fitting.
|
| 264 |
|
1 |
|a Durham [N.C.] :
|b Duke University Press,
|c 2011.
|
| 264 |
|
3 |
|a Baltimore, Md. :
|b Project MUSE,
|c 2020
|
| 264 |
|
4 |
|c ©2011.
|
| 300 |
|
|
|a 1 online resource (320 pages):
|b illustrations, maps ;
|
| 336 |
|
|
|a text
|b txt
|2 rdacontent
|
| 337 |
|
|
|a computer
|b c
|2 rdamedia
|
| 338 |
|
|
|a online resource
|b cr
|2 rdacarrier
|
| 505 |
0 |
|
|a pt. I. Introduction: The struggle for Mexican maize -- Ch. 1. Transgenic maize and its experts -- Ch. 2. Corn and the hybrid nation -- pt. II. Livelihoods -- Ch. 3. Community and conflict -- Ch. 4. Remaking the countryside -- Ch. 5. From campesinos to migrant and maquila workers? -- Conclusion.
|
| 520 |
8 |
|
|a Fitting explores the competing claims of the GM corn debate in relation to the livelihood struggles of small-scale maize producers, migrants, and maquiladora workers from the southern Tehuacán Valley.
|
| 588 |
|
|
|a Description based on print version record.
|
| 650 |
|
7 |
|a Transgenic plants
|z Mexico.
|2 nli
|
| 650 |
|
7 |
|a Corn
|x Genetic engineering
|z Mexico.
|2 nli
|
| 650 |
|
7 |
|a Corn industry
|z Mexico.
|2 nli
|
| 650 |
|
7 |
|a Transgene Pflanzen
|2 gnd
|
| 650 |
|
7 |
|a Mais
|2 gnd
|
| 650 |
|
7 |
|a Globalisierung
|2 gnd
|
| 650 |
|
7 |
|a Biotechnologie
|2 gnd
|
| 650 |
|
7 |
|a Transgenic plants.
|2 fast
|0 (OCoLC)fst01154677
|
| 650 |
|
7 |
|a Corn industry.
|2 fast
|0 (OCoLC)fst00879356
|
| 650 |
|
7 |
|a Corn
|x Genetic engineering.
|2 fast
|0 (OCoLC)fst00879135
|
| 650 |
|
6 |
|a Plantes transgeniques
|z Mexique.
|
| 650 |
|
6 |
|a Maïs
|x Industrie
|z Mexique.
|
| 650 |
|
0 |
|a Transgenic plants
|z Mexico.
|
| 650 |
|
0 |
|a Corn
|x Genetic engineering
|z Mexico.
|
| 650 |
|
0 |
|a Corn industry
|z Mexico.
|
| 651 |
|
7 |
|a Mexiko
|2 gnd
|
| 651 |
|
7 |
|a Mexico.
|2 fast
|0 (OCoLC)fst01211700
|
| 655 |
|
7 |
|a Electronic books.
|2 local
|
| 710 |
2 |
|
|a Project Muse.
|e distributor
|
| 830 |
|
0 |
|a Book collections on Project MUSE.
|
| 856 |
4 |
0 |
|z Texto completo
|u https://projectmuse.uam.elogim.com/book/69906/
|
| 945 |
|
|
|a Project MUSE - Custom Collection
|